Central Library OPAC University of Rajshahi

Post-revolutionary Peru : (Record no. 64482)

MARC details
000 -LEADER
fixed length control field 00700nam a2200229 a 4500
001 - CONTROL NUMBER
control field 64482
003 - CONTROL NUMBER IDENTIFIER
rucl marc code BD-RjUL
005 - DATE AND TIME OF LATEST TRANSACTION
control field 20211209081320.0
008 - FIXED-LENGTH DATA ELEMENTS--GENERAL INFORMATION
fixed length control field 170215s1982 enka b 000 0 eng
035 ## - SYSTEM CONTROL NUMBER
System control number (BD-RjUL)64612
040 ## - CATALOGING SOURCE
Original cataloging agency DLC
Transcribing agency DLC
Modifying agency m.c
-- BD-RjUL
Language of cataloging eng
041 ## - LANGUAGE CODE
Language code of text/sound track or separate title eng
082 ## - DEWEY DECIMAL CLASSIFICATION NUMBER
Edition number 23
Classification number 985.0633
Author mark and year POS 1982
245 10 - TITLE STATEMENT
Title Post-revolutionary Peru :
Remainder of title the politics of transformation /
Statement of responsibility, etc. Stephen M Gorman
260 ## - PUBLICATION, DISTRIBUTION, ETC. (IMPRINT)
Place of publication, distribution, etc. Colorado :
Name of publisher, distributor, etc. Westview press,
Date of publication, distribution, etc. c1982
300 ## - PHYSICAL DESCRIPTION
Pagination 252 p. ;
Size 23 cm.
504 ## - BIBLIOGRAPHY, ETC. NOTE
Bibliography, etc Includes Bibliography.
650 ## - SUBJECT ADDED ENTRY--TOPICAL TERM
Topical term or geographic name as entry element Politics and government
Geographic subdivision Peru
9 (RLIN) 191295
Topical term or geographic name as entry element Economic history -1968-1980
9 (RLIN) 172944
700 ## - ADDED ENTRY--PERSONAL NAME
Personal name Gorman, Stephen M.
942 ## - ADDED ENTRY ELEMENTS (KOHA)
Source of classification or shelving scheme Dewey Decimal Classification
Koha item type Books
Holdings
Lost status Source of classification or shelving scheme Damaged status Not for loan Collection code Permanent Location Current Location Shelving location Date acquired Source of acquisition Total Checkouts Full call number Date last seen Copy number Koha item type
  Dewey Decimal Classification   Not For Loan Non-fiction Central Library, University of Rajshahi Central Library, University of Rajshahi Reading Room 07/06/1990 Asia Foundation   985.0633 POS 1982 15/02/2017 C-1 Books